000 00636nam a2200241Ia 4500
005 20260430150015.0
008 008 250103s9999 xx 000 0 eng d
037 _aTheses
040 _aCRL
040 _beng
040 _ceng
041 _2eng
041 _aeng
084 _qCRL
100 _aChakravarty Anish Au.; Pathak Krishna Mani Gu.
_91236183
245 0 _aLogic of epistemic justification in sanjaya's ajananavada
260 _c2022
300 _a230p.
650 _aPhilosophy
700 _aUniversity of Delhi. Faculty of Arts. Department of Philosophy
_978395
942 _cTH
999 _c1848713
_d1848713